000 005180000a22001810004500
005 20120302055438.0
942 _cBOOK
100 _a Limaye,Vinaayak
245 _a Sanmaanaane Maranyaachaa Hakka(Aantarrashtriya Paataliwar Chaalalele Ek Aandolan)
250 _a 1
260 _aSanjali:Vi.Raa.Limaye,1985.
300 _a123p.
040 _aMAR
365 _b5/-
650 _aKaaydaa-Aatmahatyaasambandhi
650 _aKriyaa-Pratikriyaa-Aatmahatyaa
650 _aThe Society For The Right To Die With Dignity
999 _c348425
_d348422